Angeli con le ali bagnate /

Zapisane w:
Opis bibliograficzny
1. autor: Bianchi, Rossella, (1942- ) (Autor)
Format: Książka
Język:włoski
Wydane: Reggio Emilia : Imprimatur, 2016
Etykiety: Dodaj etykietę
Nie ma etykietki, Dołącz pierwszą etykiete!

MARC

LEADER 00000nam a22000007i 4500
001 IT\ICCU\TO1\0015204
003 ItRI
005 20260309134556.0
008 160830s2016 it |||||| ||||| |||||c
020 |a 9788868304201 
040 |b ita  |c ct 
041 7 |a ita  |2 ISO-639-2 
100 1 |a Bianchi, Rossella,  |d  (1942- )  |0 IT\ICCU\CFIV\321154  |4 aut 
240 1 0 |a Angeli con le ali bagnate  |9 Bianchi, Rossella <1942- > 
245 1 0 |a Angeli con le ali bagnate /  |c Rossella Bianchi. 
260 |a Reggio Emilia :  |b Imprimatur,  |c 2016 
300 |a 141 p. ;  |c 21 cm. 
942 |2 ddc  |c BK 
999 |c 28897  |d 28897